[Event "TV Borken 1 - SV Heiden 1"]
[Site "Verbandsliga 2016/2017"]
[Date "2017.03.18"]
[Round "8.1"]
[White "Wienen, Hermann"]
[Black "Schroer, Klaus"]
[Result "1/2-1/2"]
[WhiteElo "1965"]
[BlackElo "2061"]
[PlyCount "42"]
[EventDate "2017.??.??"]
[SourceDate "2016.09.26"]

1. e4 e5 2. Nf3 Nc6 3. Bc4 Bc5 4. c3 Nf6 5. d3 d6 6. O-O h6 7. d4 exd4 8. cxd4
Bb6 9. d5 Ne7 10. Nc3 O-O 11. h3 Ng6 12. Qd3 Re8 13. Be3 Bxe3 14. Qxe3 Nh5 15.
Rfe1 Qf6 16. Qd4 Ne5 17. Nxe5 Rxe5 18. Re3 Bd7 19. Rd1 a6 20. Be2 Nf4 21. Rg3
Rae8 1/2-1/2

[Event "TV Borken 1 - SV Heiden 1"]
[Site "Verbandsliga 2016/2017"]
[Date "2017.03.18"]
[Round "8.2"]
[White "Schulze-Schwering, Philipp"]
[Black "Berger, Alfred"]
[Result "1-0"]
[WhiteElo "2050"]
[BlackElo "1946"]
[PlyCount "89"]
[EventDate "2017.??.??"]
[SourceDate "2016.09.26"]

1. d4 d6 2. c4 e5 3. d5 g6 4. Nc3 h5 5. g3 Bh6 6. Bg2 Bxc1 7. Rxc1 a5 8. Nf3
Nd7 9. O-O Nc5 10. Ne1 h4 11. Nd3 hxg3 12. fxg3 Qg5 13. Nxc5 Qe3+ 14. Rf2 Qxc5
15. Ne4 Qe3 16. Qd2 Qxd2 17. Nxd2 b6 18. Rcf1 f5 19. e4 Nf6 20. Bf3 Bd7 21. Bd1
O-O-O 22. Bc2 Rh3 23. exf5 gxf5 24. Bxf5 Bxf5 25. Rxf5 Ng4 26. Rg5 Ne3 27. Rf3
Nc2 28. Rg7 Rdh8 29. Nf1 e4 30. Rff7 Nd4 31. Rxc7+ Kb8 32. Rb7+ Ka8 33. Ra7+
Kb8 34. Rgb7+ Kc8 35. Rxb6 Nf3+ 36. Kf2 Ne5 37. b3 Ng4+ 38. Ke2 Rxh2+ 39. Nxh2
Rxh2+ 40. Kd1 e3 41. Rc6+ Kb8 42. Re7 Ne5 43. Rxe5 dxe5 44. Re6 Rxa2 45. Rxe5
1-0

[Event "TV Borken 1 - SV Heiden 1"]
[Site "Verbandsliga 2016/2017"]
[Date "2017.03.18"]
[Round "8.3"]
[White "Sicking, Norbert"]
[Black "Beckmann, David"]
[Result "0-1"]
[WhiteElo "1781"]
[BlackElo "1993"]
[PlyCount "104"]
[EventDate "2017.??.??"]
[SourceDate "2016.09.26"]

1. d4 d5 2. Nf3 Nf6 3. g3 e6 4. Bg2 Be7 5. O-O O-O 6. Nbd2 c5 7. c3 Nc6 8. Nb3
b6 9. Bg5 Ne4 10. Bxe7 Qxe7 11. Nfd2 Nxd2 12. Qxd2 c4 13. Nc1 f5 14. f4 b5 15.
a3 Bb7 16. Na2 a5 17. Rfb1 Rfb8 18. b4 cxb3 19. Rxb3 Ba6 20. Nc1 b4 21. axb4
axb4 22. Qe3 Bc4 23. Rxa8 Rxa8 24. Rb2 Ra3 25. Rc2 Kf7 26. Bf1 Qa7 27. Nd3 Bxd3
28. Qxd3 bxc3 29. Rxc3 Rxc3 30. Qxc3 Qxd4+ 31. Qxd4 Nxd4 32. Kf2 Kf6 33. e3 Nb3
34. Bd3 h6 35. Bb1 g5 36. Bc2 Nc5 37. Kf3 Nb7 38. Ba4 Na5 39. Ke2 Nc4 40. Bb5
Nd6 41. Bc6 Ne4 42. Bb7 Ke7 43. Bc8 Nc5 44. g4 fxg4 45. f5 e5 46. f6+ Kxf6 47.
Bxg4 e4 48. Kd2 Ke5 49. Kc3 Nd3 50. Be2 Ne1 51. Ba6 h5 52. Bc8 g4 0-1

[Event "TV Borken 1 - SV Heiden 1"]
[Site "Verbandsliga 2016/2017"]
[Date "2017.03.18"]
[Round "8.4"]
[White "Farwick, Christian"]
[Black "Vestrick, Frank"]
[Result "1-0"]
[WhiteElo "1795"]
[BlackElo "1693"]
[PlyCount "65"]
[EventDate "2017.??.??"]
[SourceDate "2016.09.26"]

1. Nf3 Nf6 2. d4 g6 3. Bf4 d6 4. e3 Bg7 5. c3 O-O 6. Bd3 Nbd7 7. Qc2 Qe8 8.
Nbd2 Nd5 9. O-O-O c5 10. Bg3 cxd4 11. exd4 N7b6 12. Rde1 Qd8 13. h4 Bd7 14. h5
Nb4 15. Qb1 Nxd3+ 16. Qxd3 Rc8 17. hxg6 hxg6 18. Qe4 Bf6 19. Qf4 Bf5 20. Qh6 g5
21. Ne4 Bg7 22. Qxg5 Bg6 23. Bh4 Rc7 24. Qg3 Nd5 25. Bg5 f5 26. Bh6 Qe8 27.
Nxd6 Nxc3 28. bxc3 Qc6 29. Ne5 Qxd6 30. Qxg6 Qxg6 31. Nxg6 Bxh6+ 32. Rxh6 Rf6
33. Rxe7 1-0

[Event "TV Borken 1 - SV Heiden 1"]
[Site "Verbandsliga 2016/2017"]
[Date "2017.03.18"]
[Round "8.5"]
[White "Wetter, Ralf"]
[Black "Vijayakumaran, Vithoosan"]
[Result "1/2-1/2"]
[WhiteElo "1884"]
[BlackElo "1736"]
[PlyCount "25"]
[EventDate "2017.??.??"]
[SourceDate "2016.09.26"]

1. Nf3 f5 2. d4 Nf6 3. g3 e6 4. c4 d5 5. Bg2 c6 6. Nbd2 Bd6 7. O-O Qe7 8. b3
Nbd7 9. Bb2 O-O 10. Qc2 Ne4 11. Ne5 g5 12. Ndf3 a5 13. a3 1/2-1/2

[Event "TV Borken 1 - SV Heiden 1"]
[Site "Verbandsliga 2016/2017"]
[Date "2017.03.18"]
[Round "8.6"]
[White "Theißen, Frank"]
[Black "Niewerth, Gerd"]
[Result "1-0"]
[WhiteElo "1765"]
[BlackElo "1766"]
[PlyCount "77"]
[EventDate "2017.??.??"]
[SourceDate "2016.09.26"]

1. e4 c6 2. d4 d5 3. Nc3 dxe4 4. Nxe4 Bf5 5. Ng3 Bg6 6. h4 h6 7. Nf3 Nd7 8. Bd3
Bxd3 9. Qxd3 Ngf6 10. Bd2 e6 11. c4 Qc7 12. O-O-O Bd6 13. Ne4 Nxe4 14. Qxe4 Nf6
15. Qe2 Bf4 16. Kb1 Bxd2 17. Rxd2 O-O-O 18. Ne5 Kb8 19. g4 Rd6 20. f4 Rf8 21.
Rf1 Rdd8 22. Rf3 Nd7 23. Re3 Nxe5 24. dxe5 Rxd2 25. Qxd2 Rd8 26. Rd3 Rxd3 27.
Qxd3 c5 28. Kc2 Qe7 29. Qh7 Qf8 30. f5 exf5 31. gxf5 Qe8 32. Qxg7 Qa4+ 33. Kc3
Qa5+ 34. Kd3 Qd8+ 35. Kc2 Qe7 36. e6 Qxh4 37. Qf8+ Kc7 38. Qxc5+ Kd8 39. Qd6+
1-0

[Event "TV Borken 1 - SV Heiden 1"]
[Site "Verbandsliga 2016/2017"]
[Date "2017.03.18"]
[Round "8.7"]
[White "Kloster, Elisabeth"]
[Black "Rickert, Berthold"]
[Result "1/2-1/2"]
[WhiteElo "1709"]
[BlackElo "1743"]
[PlyCount "65"]
[EventDate "2017.??.??"]
[SourceDate "2016.09.26"]

1. e4 g6 2. d4 Bg7 3. Nf3 d6 4. a3 Nd7 5. Bc4 e5 6. Ng5 Nh6 7. Bxf7+ Nxf7 8.
Ne6 Qh4 9. Qf3 Rb8 10. Nxg7+ Ke7 11. Nc3 Nb6 12. d5 a6 13. Be3 Nc4 14. O-O-O
Qf6 15. Qxf6+ Kxf6 16. Ne6 Bxe6 17. dxe6 Nxe3 18. fxe3 Kxe6 19. Nd5 c6 20. Nc3
Rhf8 21. Rhf1 h5 22. h4 Nh6 23. Rf3 Ng4 24. Rdf1 Ke7 25. Kd2 Nh2 26. Rxf8 Rxf8
27. Rxf8 Kxf8 28. Nd1 Ng4 29. b3 Ke7 30. c4 Kd7 31. b4 b6 32. a4 Nf6 33. Kd3
1/2-1/2

[Event "TV Borken 1 - SV Heiden 1"]
[Site "Verbandsliga 2016/2017"]
[Date "2017.03.18"]
[Round "8.8"]
[White "Klüppel, Ralf"]
[Black "Buchner, Ralf"]
[Result "1/2-1/2"]
[WhiteElo "1729"]
[BlackElo "1688"]
[PlyCount "132"]
[EventDate "2017.??.??"]
[SourceDate "2016.09.26"]

1. d4 g6 2. Nf3 d6 3. g3 Bg7 4. Bg2 Nf6 5. c4 O-O 6. O-O Nbd7 7. Nc3 c5 8. d5
a6 9. h3 Rb8 10. a4 Nb6 11. Qd3 Ne8 12. Bf4 f6 13. b3 Nd7 14. h4 Ne5 15. Qd2 b6
16. Rac1 Bf5 17. Nh2 Qc8 18. Rfe1 Rb7 19. f3 Nf7 20. Nd1 Nc7 21. Nc3 Bd7 22. e4
b5 23. axb5 axb5 24. Rb1 Ne5 25. Bxe5 fxe5 26. Bf1 Qb8 27. b4 Qa7 28. Qf2 bxc4
29. bxc5 Rxb1 30. Rxb1 Qa3 31. cxd6 exd6 32. Rb7 Qxc3 33. Rxc7 Bb5 34. Qa7 Qd4+
35. Qxd4 exd4 36. Bxc4 Bxc4 37. Rxc4 d3 38. Kf2 Ra8 39. Nf1 Ra3 40. Nd2 Kf7 41.
f4 h6 42. Ke3 g5 43. hxg5 hxg5 44. Rc6 gxf4+ 45. gxf4 Bf8 46. Rb6 Ke7 47. Rb3
Ra1 48. Rxd3 Bh6 49. Kf3 Rh1 50. Kg4 Kf6 51. Rh3 Rg1+ 52. Rg3 Re1 53. Rg2 Re3
54. Rh2 Bf8 55. Rf2 Ke7 56. Kf5 Rh3 57. Nf3 Bg7 58. Ng5 Rh6 59. Ra2 Bd4 60. Ra6
Rf6+ 61. Kg4 Be3 62. f5 Rf8 63. Ne6 Rg8+ 64. Kf3 Bg1 65. Rc6 Bh2 66. Rc4 Kf6
1/2-1/2

[Event "SF Beelen 1 - SF Stadtlohn 1"]
[Site "Verbandsliga 2016/2017"]
[Date "2017.03.18"]
[Round "8.1"]
[White "Mullink, Jochem"]
[Black "Hofene, Dieter"]
[Result "1-0"]
[WhiteElo "2038"]
[BlackElo "2015"]
[PlyCount "61"]
[EventDate "2017.??.??"]
[SourceDate "2016.09.26"]

1. Nf3 Nf6 2. c4 e6 3. d4 Bb4+ 4. Bd2 Qe7 5. a3 Bxd2+ 6. Qxd2 d6 7. Nc3 O-O 8.
e3 e5 9. Qc2 Re8 10. Be2 Nbd7 11. h3 Nf8 12. O-O-O e4 13. Nd2 c6 14. g4 h6 15.
Rdg1 d5 16. h4 Be6 17. g5 hxg5 18. hxg5 N6h7 19. f4 Rec8 20. Kb1 Qd7 21. cxd5
cxd5 22. Nb3 Bf5 23. Qd1 b6 24. Qd2 a5 25. a4 Ng6 26. Nc1 Qd6 27. Bb5 Ne7 28.
N1e2 Bg6 29. Ng3 Nf5 30. Be2 Rc7 31. Nb5 1-0

[Event "SF Beelen 1 - SF Stadtlohn 1"]
[Site "Verbandsliga 2016/2017"]
[Date "2017.03.18"]
[Round "8.3"]
[White "Krosenbrink, Marcel"]
[Black "Henke, Wolfgang"]
[Result "0-1"]
[WhiteElo "1835"]
[BlackElo "1815"]
[PlyCount "48"]
[EventDate "2017.??.??"]
[SourceDate "2016.09.26"]

1. e4 c5 2. Nc3 Nc6 3. f4 g6 4. Nf3 Bg7 5. Bc4 e6 6. O-O Nge7 7. d3 d5 8. Bb3
O-O 9. Qe1 Na5 10. Qh4 Nxb3 11. axb3 Nc6 12. f5 Qxh4 13. Nxh4 Bd4+ 14. Kh1 Nb4
15. fxe6 Bxe6 16. exd5 Nxd5 17. Nxd5 Bxd5 18. Nf3 Bg7 19. Ra4 Rfe8 20. Ng1 Re6
21. Nh3 Rae8 22. c3 Bc6 23. Rxa7 Re2 24. Nf4 Rc2 0-1

[Event "SF Beelen 1 - SF Stadtlohn 1"]
[Site "Verbandsliga 2016/2017"]
[Date "2017.03.18"]
[Round "8.4"]
[White "Hofene, Josef"]
[Black "Te Sligte, Bert"]
[Result "1/2-1/2"]
[WhiteElo "1710"]
[BlackElo "1828"]
[PlyCount "53"]
[EventDate "2017.??.??"]
[SourceDate "2016.09.26"]

1. e4 e5 2. Nf3 Nc6 3. Bc4 Nf6 4. Nc3 Nxe4 5. Bxf7+ Kxf7 6. Nxe4 d5 7. Neg5+
Kg8 8. d3 h6 9. Nh3 Bg4 10. c3 Qf6 11. Nhg1 Be6 12. Be3 Bd6 13. Ne2 Rf8 14. O-O
Kh7 15. Ne1 d4 16. Bd2 Bg4 17. f3 Bf5 18. Ng3 Bg6 19. Ne4 Qe6 20. Qe2 Rf7 21.
Nc2 Re8 22. Rfe1 Rfe7 23. Qf2 Bxe4 24. Rxe4 dxc3 25. bxc3 Qf6 26. Kh1 Qf7 27.
Qe2 1/2-1/2

[Event "SF Beelen 1 - SF Stadtlohn 1"]
[Site "Verbandsliga 2016/2017"]
[Date "2017.03.18"]
[Round "8.5"]
[White "Kloster, Daniel"]
[Black "Schemmann, Bernhard"]
[Result "1/2-1/2"]
[WhiteElo "1769"]
[BlackElo "1853"]
[PlyCount "61"]
[EventDate "2017.??.??"]
[SourceDate "2016.09.26"]

1. d4 Nf6 2. Nf3 g6 3. Bf4 Bg7 4. Nc3 d5 5. Nb5 Na6 6. e3 c6 7. Na3 Bg4 8. Bxa6
Qa5+ 9. Qd2 Qxa6 10. Ne5 Ne4 11. Qd3 Qa5+ 12. c3 Bf5 13. Qc2 Bxe5 14. dxe5 Nc5
15. Qd2 Nd3+ 16. Kf1 Qa6 17. Kg1 Nxf4 18. exf4 Qd3 19. Qxd3 Bxd3 20. Rd1 Bf5
21. f3 h5 22. h3 h4 23. Kf2 O-O-O 24. Rd2 Rd7 25. Rhd1 Rhd8 26. Nc2 c5 27. Ne3
Be6 28. Nc2 a6 29. b3 Kc7 30. Ke3 Bf5 31. Ne1 1/2-1/2

[Event "SF Beelen 1 - SF Stadtlohn 1"]
[Site "Verbandsliga 2016/2017"]
[Date "2017.03.18"]
[Round "8.6"]
[White "Ruhe, Johannes"]
[Black "Bußwolder, Peter"]
[Result "1/2-1/2"]
[WhiteElo "1902"]
[BlackElo "1734"]
[PlyCount "74"]
[EventDate "2017.??.??"]
[SourceDate "2016.09.26"]

1. e4 c5 2. Nf3 Nc6 3. d4 cxd4 4. Nxd4 d6 5. c4 Nf6 6. Nc3 a6 7. Be2 e6 8. Be3
Be7 9. O-O O-O 10. Qd2 Bd7 11. Rfd1 Nxd4 12. Bxd4 Bc6 13. f3 Nd7 14. Rac1 e5
15. Be3 f5 16. exf5 Rxf5 17. Nd5 Bf8 18. Bd3 Rf7 19. Bg5 Nf6 20. Bf5 Bxd5 21.
cxd5 Kh8 22. Be6 Rc7 23. Rxc7 Qxc7 24. Rc1 Qd8 25. Qc3 Be7 26. Qc7 b5 27. Qxd8+
Bxd8 28. Rc6 Be7 29. Rc7 Bd8 30. Rc6 Be7 31. Kf1 a5 32. Ke2 h6 33. Bxf6 gxf6
34. Rc8+ Rxc8 35. Bxc8 Bd8 36. Kd3 Kg7 37. Ke4 Bb6 1/2-1/2

[Event "SF Beelen 1 - SF Stadtlohn 1"]
[Site "Verbandsliga 2016/2017"]
[Date "2017.03.18"]
[Round "8.8"]
[White "Fartmann, Franz-Josef"]
[Black "Dücker, Marcel"]
[Result "1-0"]
[WhiteElo "1752"]
[BlackElo "1497"]
[PlyCount "90"]
[EventDate "2017.??.??"]
[SourceDate "2016.09.26"]

1. b3 d5 2. Bb2 e6 3. e3 Nf6 4. Nf3 Be7 5. Be2 Nc6 6. d3 b6 7. Nbd2 Bb7 8. O-O
O-O 9. a3 h6 10. c4 Rc8 11. b4 a5 12. b5 Nb8 13. Rc1 Bd6 14. d4 dxc4 15. Nxc4
Ne4 16. Qc2 Ng5 17. Nce5 Nxf3+ 18. Bxf3 Bxf3 19. Nxf3 Nd7 20. Rfd1 Qe7 21. a4
Nf6 22. e4 Bb4 23. Ne5 Nd7 24. Nc6 Qd6 25. Bc3 Bxc3 26. Qxc3 Nb8 27. e5 Qd7 28.
Nxb8 Rxb8 29. Qxc7 Qxc7 30. Rxc7 Rfc8 31. Rdc1 Rxc7 32. Rxc7 Rd8 33. Rc4 Kf8
34. f4 Ke7 35. Kf2 g6 36. Ke3 Rd7 37. Rc6 Rb7 38. Ke4 h5 39. g3 Kd7 40. d5 Rb8
41. h3 Rc8 42. Rxc8 Kxc8 43. g4 Kd7 44. gxh5 gxh5 45. f5 exd5+ 1-0

[Event "SF Telgte 1 - Südlohner SV 2"]
[Site "Verbandsliga 2016/2017"]
[Date "2017.03.18"]
[Round "8.1"]
[White "Sparwel, Oliver"]
[Black "Muth, Josef"]
[Result "1-0"]
[WhiteElo "1906"]
[BlackElo "1978"]
[PlyCount "73"]
[EventDate "2017.??.??"]
[SourceDate "2016.09.26"]

1. d4 d5 2. Nf3 Nf6 3. c4 e6 4. Nc3 Be7 5. e3 O-O 6. Qc2 c5 7. a3 b6 8. b3 Bb7
9. Bd3 Nc6 10. cxd5 exd5 11. dxc5 bxc5 12. O-O h6 13. Rd1 d4 14. Na4 Qd5 15.
Bc4 Qh5 16. exd4 cxd4 17. Bb2 Rad8 18. Be2 Bd6 19. h3 Rfe8 20. b4 Ne5 21. Nxd4
Qg5 22. Bf1 Bb8 23. Nc5 Bf3 24. Nxf3 Nxf3+ 25. Kh1 Qf4 26. g3 Qg5 27. Rxd8 Rxd8
28. Rd1 Re8 29. Bxf6 Qxf6 30. Nd7 Qe6 31. Nxb8 Rxb8 32. Qc7 Re8 33. Qxa7 Ng5
34. Qe3 Qc6+ 35. Bg2 Rxe3 36. Bxc6 Rxa3 37. Rb1 1-0

[Event "SF Telgte 1 - Südlohner SV 2"]
[Site "Verbandsliga 2016/2017"]
[Date "2017.03.18"]
[Round "8.2"]
[White "Hackl-Sommer, René"]
[Black "Richters, Alfred"]
[Result "1/2-1/2"]
[WhiteElo "1981"]
[BlackElo "1885"]
[PlyCount "82"]
[EventDate "2017.??.??"]
[SourceDate "2016.09.26"]

1. e4 e6 2. d3 d5 3. Qe2 Nf6 4. Nf3 b6 5. Bg5 Be7 6. Nbd2 Bb7 7. h4 h6 8. Bxf6
Bxf6 9. e5 Be7 10. d4 c5 11. c3 Qc7 12. Qe3 Nd7 13. Bd3 a5 14. Ng1 Ba6 15. f4
Bxd3 16. Qxd3 c4 17. Qc2 a4 18. a3 b5 19. f5 exf5 20. Qxf5 Qc6 21. Ne2 Nb6 22.
O-O-O Qe6 23. Qf3 O-O-O 24. Nf4 Qd7 25. Nh5 g6 26. Nf6 Bxf6 27. Qxf6 Qe6 28.
Rdf1 Rdf8 29. Qg7 Nd7 30. Rf2 h5 31. Rhf1 Rhg8 32. Qh6 Rh8 33. Qg5 Rh7 34. Rf4
Rhh8 35. R1f2 Rh7 36. Nf3 f5 37. exf6 Rxf6 38. Rxf6 Nxf6 39. Ne5 Nd7 40. Kd2
Rg7 41. Nxd7 Kxd7 1/2-1/2

[Event "SF Telgte 1 - Südlohner SV 2"]
[Site "Verbandsliga 2016/2017"]
[Date "2017.03.18"]
[Round "8.3"]
[White "Harbers, Gerard"]
[Black "Lodde, Martin"]
[Result "0-1"]
[WhiteElo "1872"]
[BlackElo "1955"]
[PlyCount "148"]
[EventDate "2017.??.??"]
[SourceDate "2016.09.26"]

1. e4 e6 2. d4 d5 3. Nc3 Bb4 4. e5 c5 5. a3 Bxc3+ 6. bxc3 Nc6 7. Qg4 g6 8. Nf3
Bd7 9. Bd3 c4 10. Be2 Nge7 11. Qf4 h6 12. Qf6 Rh7 13. O-O Nf5 14. Qxd8+ Kxd8
15. g4 Nfe7 16. Nh4 Kc7 17. f4 Rg8 18. Ng2 h5 19. g5 Nf5 20. Ne3 Nce7 21. Nxf5
Nxf5 22. Rf2 Ba4 23. Bf1 Rhh8 24. Bh3 Ne7 25. Kf1 Ra8 26. Ra2 a5 27. Bd2 Ra6
28. Rb2 Rb6 29. Bc1 Ra8 30. Ke1 Raa6 31. Kd2 Nc6 32. Rf1 Na7 33. Rf3 Nb5 34.
Ra2 Rc6 35. Ra1 Rab6 36. Re3 Na7 37. Rf3 Rb5 38. Rg3 Rcb6 39. Rf3 Rb1 40. Ra2
Nc8 41. Rg3 Ra6 42. Rf3 Nb6 43. Rf1 Be8 44. Bb2 Rxf1 45. Bxf1 Na4 46. Bc1 Rb6
47. Ra1 Ra6 48. Rb1 Nb6 49. Be2 Ba4 50. Bd1 Nc8 51. Ke3 Ne7 52. Kf3 Ra8 53. Rb2
Rh8 54. Be2 Rb8 55. Bf1 Ra8 56. Bh3 Ra6 57. Ke2 Rb6 58. Ra2 Rb1 59. Kd2 Nc6 60.
Bf1 Na7 61. Be2 Nb5 62. Bd1 Nxc3 63. Kxc3 Rxc1 64. Kd2 Rb1 65. Bf3 Kc6 66. Bg2
h4 67. Bf3 h3 68. Ke3 c3 69. Bg4 Rb2 70. Ra1 Bxc2 71. Bxh3 Bb1 72. Bg4 c2 73.
Kd2 Rb3 74. Be2 Rh3 0-1

[Event "SF Telgte 1 - Südlohner SV 2"]
[Site "Verbandsliga 2016/2017"]
[Date "2017.03.18"]
[Round "8.4"]
[White "Kuhlenbäumer, Willi"]
[Black "Telöken, Stefan"]
[Result "1-0"]
[WhiteElo "1928"]
[BlackElo "1759"]
[PlyCount "71"]
[EventDate "2017.??.??"]
[SourceDate "2016.09.26"]

1. e4 c5 2. Nf3 Nc6 3. d4 cxd4 4. Nxd4 Nf6 5. Nc3 e6 6. Nb3 a6 7. Be2 Be7 8. a4
O-O 9. O-O Qc7 10. f4 Bb4 11. Bd3 e5 12. f5 Kh8 13. g4 d5 14. g5 Bxc3 15. gxf6
Bd4+ 16. Nxd4 Nxd4 17. fxg7+ Kxg7 18. c3 Nc6 19. exd5 Na5 20. Kh1 f6 21. Be3
Kh8 22. c4 b6 23. b4 Nb7 24. c5 bxc5 25. bxc5 Qa5 26. Qc2 Nd8 27. Rg1 Nf7 28.
Rab1 Bd7 29. c6 Qxd5+ 30. Be4 Bxf5 31. Bxd5 Bxc2 32. Rb7 Bxa4 33. Bc5 Bxc6 34.
Bxc6 Rfc8 35. Rxf7 Rxc6 36. Be7 1-0

[Event "SF Telgte 1 - Südlohner SV 2"]
[Site "Verbandsliga 2016/2017"]
[Date "2017.03.18"]
[Round "8.5"]
[White "Schmeing, Manfred"]
[Black "Junker, Axel"]
[Result "0-1"]
[WhiteElo "1765"]
[BlackElo "1873"]
[PlyCount "82"]
[EventDate "2017.??.??"]
[SourceDate "2016.09.26"]

1. e4 c5 2. Nc3 Nc6 3. g3 g6 4. Bg2 Bg7 5. d3 d6 6. f4 e6 7. Nf3 Nge7 8. O-O
Rb8 9. Rb1 b5 10. Be3 Nd4 11. Ne2 Nec6 12. c3 Nxf3+ 13. Bxf3 Bb7 14. d4 cxd4
15. Nxd4 a6 16. a3 Na5 17. Bf2 O-O 18. h4 e5 19. Nc2 Re8 20. f5 gxf5 21. exf5
e4 22. Bg2 Nc4 23. Bd4 Bxd4+ 24. Qxd4 Qb6 25. Qxb6 Nxb6 26. Ne3 Nc4 27. Nxc4
bxc4 28. Rfe1 Bc6 29. Re2 d5 30. Rd1 f6 31. g4 Re5 32. Kf2 h5 33. Bh3 hxg4 34.
Bxg4 Bd7 35. Kg3 Bxf5 36. Rf1 Bxg4 37. Kxg4 Kf7 38. Rf5 Rg8+ 39. Kf4 Ke6 40.
Rxe5+ fxe5+ 41. Ke3 Rg3+ 0-1

[Event "SF Telgte 1 - Südlohner SV 2"]
[Site "Verbandsliga 2016/2017"]
[Date "2017.03.18"]
[Round "8.6"]
[White "Kuhlenbäumer, Alfred"]
[Black "Musholt, Joachim"]
[Result "1-0"]
[WhiteElo "1885"]
[BlackElo "1677"]
[PlyCount "61"]
[EventDate "2017.??.??"]
[SourceDate "2016.09.26"]

1. e4 c5 2. f4 Nc6 3. Nf3 g6 4. Bb5 a6 5. Bxc6 bxc6 6. O-O Bg7 7. Qe2 d6 8. Nc3
Nh6 9. h3 O-O 10. d3 d5 11. Bd2 e6 12. Na4 Qe7 13. c4 d4 14. Ba5 Rb8 15. Bb6
Rxb6 16. Nxb6 f6 17. Na4 e5 18. Qd2 Re8 19. fxe5 fxe5 20. Qa5 Bf8 21. Rf2 g5
22. Qd2 g4 23. Ng5 Qg7 24. Raf1 Be7 25. h4 g3 26. Rf3 Ng4 27. Rxg3 h6 28. Nf3
Kh7 29. Qe2 Rf8 30. b3 Qf7 31. Nh2 1-0

[Event "SF Telgte 1 - Südlohner SV 2"]
[Site "Verbandsliga 2016/2017"]
[Date "2017.03.18"]
[Round "8.7"]
[White "Emming, Benedikt"]
[Black "Esser, Peter"]
[Result "1-0"]
[WhiteElo "1749"]
[BlackElo "1758"]
[PlyCount "87"]
[EventDate "2017.??.??"]
[SourceDate "2016.09.26"]

1. e4 c6 2. d3 d5 3. Nd2 e5 4. Ngf3 Bd6 5. d4 dxe4 6. Nxe4 Bc7 7. Bg5 f6 8. Be3
exd4 9. Qxd4 Qxd4 10. Nxd4 Ne7 11. Bc4 Nf5 12. Be6 Ba5+ 13. Bd2 Bxd2+ 14. Kxd2
Bxe6 15. Nxe6 Na6 16. g4 Nh6 17. Nxg7+ Kf7 18. Nf5 Nxf5 19. gxf5 Rad8+ 20. Kc3
Rd5 21. Rad1 Rhd8 22. Rxd5 Rxd5 23. Re1 Nc7 24. Re3 Nb5+ 25. Kc4 Nd4 26. Rd3
b5+ 27. Kc3 Ne2+ 28. Kd2 Nf4 29. Rxd5 Nxd5 30. c4 bxc4 31. Nd6+ Ke7 32. Nxc4
Kd7 33. a3 c5 34. Ne3 Nb6 35. Kd3 Kc6 36. Ke4 Kd6 37. b3 Kc6 38. Ng2 a5 39. Ne3
a4 40. bxa4 Nxa4 41. Nd5 Kd6 42. Nxf6 c4 43. Kd4 c3 44. Ne4+ 1-0

[Event "SF Telgte 1 - Südlohner SV 2"]
[Site "Verbandsliga 2016/2017"]
[Date "2017.03.18"]
[Round "8.8"]
[White "Dieckmann, Werner"]
[Black "Höing, Johannes"]
[Result "1/2-1/2"]
[WhiteElo "1811"]
[BlackElo "1798"]
[PlyCount "49"]
[EventDate "2017.??.??"]
[SourceDate "2016.09.26"]

1. d4 Nf6 2. Nf3 g6 3. Bg5 Bg7 4. Nbd2 d5 5. e3 O-O 6. Bd3 Nbd7 7. O-O c5 8. c3
b6 9. Bb5 Bb7 10. Re1 a6 11. Bf1 Re8 12. b4 e5 13. dxe5 Nxe5 14. bxc5 bxc5 15.
Rb1 Bc6 16. Nxe5 Rxe5 17. Nf3 Re6 18. c4 h6 19. Bh4 g5 20. Bg3 Ne4 21. Qc2 Nxg3
22. hxg3 d4 23. exd4 Rxe1 24. Nxe1 Bxd4 25. Be2 1/2-1/2

[Event "SK Münster 4 - SG Ahaus-Wessum 1"]
[Site "Verbandsliga 2016/2017"]
[Date "2017.03.18"]
[Round "8.1"]
[White "Schulze Ameling, Hendrik"]
[Black "Schulz, Stefan"]
[Result "1-0"]
[WhiteElo "1994"]
[BlackElo "1917"]
[PlyCount "53"]
[EventDate "2017.??.??"]
[SourceDate "2016.09.26"]

1. d4 Nf6 2. c4 g6 3. Nc3 d5 4. cxd5 Nxd5 5. e4 Nxc3 6. bxc3 Bg7 7. Qa4+ c6 8.
Nf3 O-O 9. Be2 c5 10. O-O cxd4 11. cxd4 Nc6 12. Be3 Bd7 13. Qa3 e6 14. Rab1 b6
15. Rfd1 Qe7 16. Qxe7 Nxe7 17. Ne5 Rfd8 18. Nxd7 Rxd7 19. Bb5 Rdd8 20. Rbc1 a6
21. Ba4 b5 22. Bb3 a5 23. Bg5 Rd7 24. a4 bxa4 25. Bxa4 Rda7 26. d5 f6 27. Be3
1-0

[Event "SK Münster 4 - SG Ahaus-Wessum 1"]
[Site "Verbandsliga 2016/2017"]
[Date "2017.03.18"]
[Round "8.2"]
[White "Jansen, Dirk"]
[Black "Rosing, Hermann"]
[Result "1/2-1/2"]
[WhiteElo "1894"]
[BlackElo "1943"]
[PlyCount "92"]
[EventDate "2017.??.??"]
[SourceDate "2016.09.26"]

1. c4 f5 2. g3 Nf6 3. Bg2 g6 4. Nc3 Bg7 5. d3 d6 6. e4 Nc6 7. Nge2 O-O 8. O-O
h6 9. h3 e5 10. Be3 Be6 11. Qd2 Kh7 12. Nd5 Qd7 13. Kh2 a5 14. Rac1 fxe4 15.
dxe4 b6 16. b3 Nh5 17. a3 Ne7 18. Nec3 Bxd5 19. cxd5 Nf6 20. Rc2 Rab8 21. Rfc1
Rfc8 22. a4 c5 23. dxc6 Nxc6 24. Nb5 Ne8 25. h4 Nd4 26. Nxd4 exd4 27. Bxd4 Rxc2
28. Rxc2 Qf7 29. Bxg7 Kxg7 30. Bf1 Qxb3 31. Bc4 Qf3 32. Qd5 Nf6 33. Qf7+ Kh8
34. Be6 Ng4+ 35. Kh3 Qxf7 36. Bxf7 Ne5 37. Bd5 b5 38. axb5 Rxb5 39. f4 Nf3 40.
Kg4 Nd4 41. Rc7 h5+ 42. Kh3 Rb2 43. Rc8+ Kh7 44. Rc7+ Kh8 45. Rc8+ Kh7 46. Rc7+
Kh8 1/2-1/2

[Event "SK Münster 4 - SG Ahaus-Wessum 1"]
[Site "Verbandsliga 2016/2017"]
[Date "2017.03.18"]
[Round "8.3"]
[White "Diehlmann, Christian"]
[Black "Voß, Norbert"]
[Result "1/2-1/2"]
[WhiteElo "1880"]
[BlackElo "1823"]
[PlyCount "51"]
[EventDate "2017.??.??"]
[SourceDate "2016.09.26"]

1. d4 d6 2. c4 e5 3. e3 Nc6 4. Nc3 g6 5. Nge2 Bg7 6. g3 Nh6 7. Bg2 O-O 8. O-O
exd4 9. Nxd4 Nxd4 10. exd4 Nf5 11. Be3 c6 12. Qd2 Qa5 13. a3 Qb6 14. Rad1 Qb3
15. Qe2 Bd7 16. Be4 Rae8 17. Rd2 Re7 18. Qd3 Nxe3 19. fxe3 Rfe8 20. Nd5 Qxd3
21. Nxe7+ Rxe7 22. Bxd3 Rxe3 23. Bc2 Bh3 24. Rfd1 Bg4 25. Rb1 Bh6 26. Rd3
1/2-1/2

[Event "SK Münster 4 - SG Ahaus-Wessum 1"]
[Site "Verbandsliga 2016/2017"]
[Date "2017.03.18"]
[Round "8.4"]
[White "Schöpper, Oliver"]
[Black "ter Horst, Carsten"]
[Result "0-1"]
[WhiteElo "1818"]
[BlackElo "1847"]
[PlyCount "54"]
[EventDate "2017.??.??"]
[SourceDate "2016.09.26"]

1. d4 d5 2. c4 dxc4 3. Nf3 Nf6 4. g3 c5 5. Qa4+ Nc6 6. dxc5 e6 7. Bg2 Bxc5 8.
Qxc4 Be7 9. O-O O-O 10. Nc3 Bd7 11. Rd1 Rc8 12. e4 Qa5 13. Qe2 Rfd8 14. Bf4 e5
15. Bg5 Bg4 16. h3 Nd4 17. Qe3 Bxf3 18. Bxf3 Nc2 19. Qe2 Nxa1 20. Rxa1 h6 21.
Bd2 Qc7 22. g4 Qc4 23. Qe1 Bc5 24. Rd1 a6 25. h4 Bd4 26. Rc1 Qd3 27. Bg2 Bxf2+
0-1

[Event "SK Münster 4 - SG Ahaus-Wessum 1"]
[Site "Verbandsliga 2016/2017"]
[Date "2017.03.18"]
[Round "8.5"]
[White "Woltering, Martin"]
[Black "Voß, Andreas"]
[Result "1/2-1/2"]
[WhiteElo "1789"]
[BlackElo "1799"]
[PlyCount "47"]
[EventDate "2017.??.??"]
[SourceDate "2016.09.26"]

1. e4 d5 2. exd5 Nf6 3. Nc3 Nxd5 4. Bc4 Nb6 5. Bb3 c5 6. Qh5 e6 7. d3 Nc6 8.
Be3 g6 9. Qe2 Nd4 10. Qd2 Bg7 11. Nge2 O-O 12. O-O Re8 13. Rfe1 Nd7 14. Rab1
Nf6 15. Bg5 Nxb3 16. axb3 Qc7 17. Ng3 b6 18. Bxf6 Bxf6 19. Nd5 Qd8 20. Nxf6+
Qxf6 21. Ne4 Qe7 22. Qf4 Kg7 23. Re3 e5 24. Qg5 1/2-1/2